000 00479nam a2200205Ia 4500
001 11890
003 GE_BSU
008 181216s||||||||xx |||||||||||||| ||und||
040 _cGE_BSU
080 _a546(075.3)
100 _aПолинг,Л. Полинг,П.
245 _aХимия
245 _cПод ред.Мануилова
260 _aМосква
260 _bМир
260 _c1978
300 _a683стр.ил.26см.
653 _aХимия
942 _cBK
999 _c45067
_d45067